000
00341 a2200157 4500
001
45926
020
_a
978853802495
040
_c
Anchieta - Aquarius
240
1
0
_a
*Jumbo e seus amigos
_l
por
245
1
0
_a
*Jumbo e seus amigos
300
_a
362
0
_a
0
440
1
_a
Ciranda Cultural
650
4
_a
Literatura infantil
942
_c
BK
999
_c
45926
_d
45926